000 00707nam a2200193 a 4500
001 000041211
005 20201002034718.0
008 130926s1988 sp 000 0 spa d
020 _a8400069920X
040 _aDO-SdBNP
_bspa
_cBNPHU
041 1 7 _aspa
_hcatalán
245 0 0 _aAlimentació i societat a la catalunya medieval.
260 _aBarcelona :
_bConsell Superior d'Investigacions Cientifiques, Institucio Mila i Fontanals,
_c1988.
300 _axv, 311 p. ;
_c23 cm.
490 1 _aAnuario de estudios medievales Anejo
_v20
500 _aIncluye referencias bibliográficas y notas al pie de las páginas
590 _aInventariado, 2019/VM
830 0 _aAnuario de estudios medievales Anejo
_964050
999 _c40701
_d40701